000 00273nam a2200109Ia 4500
008 200302s9999 xx 000 0 und d
100 _aTony Worobiec
245 _aToning and Hand Colouring Photo Graphs
260 _bCollins & Brown Inc.
260 _c2002
300 _a128 p.,
999 _c1530
_d1530